Normal view
MARC view
- Behaver, Harold .
Entry Personal Name
001 - CONTROL NUMBER
- control field: 1835
003 - CONTROL NUMBER IDENTIFIER
- control field: OSt
005 - DATE AND TIME OF LATEST TRANSACTION
- control field: 20161017105646.0
008 - FIXED-LENGTH DATA ELEMENTS
- fixed length control field: 161017|| aca||aabn | a|a d
040 ## - CATALOGING SOURCE
- Original cataloging agency: OSt
- Transcribing agency: OSt
100 ## - HEADING--PERSONAL NAME
- Personal name: Behaver, Harold .
670 ## - SOURCE DATA FOUND
- Source citation: Work cat.: (OSt)3754: Behaver, Harold ., American Critical Essays: Twentieth Century / , 1961.
